000 01683nam0a22003491 4500
001 RU\INFOCOMM_322\NLR\5000155572
005 20250613111656.0
035 _a(NLR Aleph) 009592720
090 _a9260493
_c9260493
100 _a20130206d1992 |||y0rusy50 ca
101 0 _aeng
102 _aRU
105 _ay z |||||
200 1 _aˆA ‰study of gamma-ray mutagenesis in Saccharomyces cerevisiae
_eAnalysis of reversion production kinetics in a wild-type haploid strain
_fN. V. Levkovich, A. I. Chepurnoy
210 _aДубна
_cОбъед. ин-т ядер. исслед.
_d1992
215 _a8 с.
_cил.
_d21 см
225 1 _aОбъединенный институт ядерных исследований, Дубна
_vЕ19-92-257
300 _aНа 3-й с. обл.: Изучение γ-индуцированного мутагенеза у Saccharomyces cerevisiae: Анализ кинетики образования индуцированных реверсов у гаплоидных штаммов дикого типа / Левкович Н. В., Чепурной А. И.
300 _aРез. на рус. яз.
300 _a"Submitted to "Mutagenesis" "
320 _aБиблиогр.: с. 8
606 0 _aДрожжи
_xМутагенез радиационный
_91162257
_3RU\NLR\AUTH\66465230
686 _aЕ445
_2rubbk
700 1 _9z01790
_aLevkovič
_bN. V.
701 1 _9z02790
_aČepurnoj
_bA. I.
_gAleksandr Ivanovič
790 1 _9z01700
_aLevkovich
_bN. V.
_4070
790 1 _9z02701
_aChepurnoy
_bA. I.
_4070
801 1 _aRU
_bInfocomm
_c20130206
801 0 _aRU
_bINFOCOMM
_gPSBO
852 _aNLR
_jМк01 Д-4/66
942 _cBOOK
980 _aNB